000
00286pam a2200145 a 4500
020
_c
041
_h
100
_a
George W. Snedecor
245
_a
Statistical Methods
260
_c
1994
300
_a
503
653
_a
Statistics
700
_a
William G. Cocharan
930
_a
908
999
_c
246761
_d
246761